Antología
Gespeichert in:
| Format: | Buch |
|---|---|
| Sprache: | Spanisch |
| Veröffentlicht: |
Santiago
Zig-Zag
1957
|
| Schriftenreihe: | Biblioteca Cultura
|
| Schlagworte: | |
| Tags: |
Tag hinzufügen
Keine Tags, Fügen Sie den ersten Tag hinzu!
|
MARC
| LEADER | 00000cam a2200000 a 4500 | ||
|---|---|---|---|
| 001 | UCP9216 | ||
| 003 | CL-VaPUC | ||
| 008 | 000324e19570000CL |||||||||||||||||spa|d | ||
| 082 | 0 | 4 | |a Ch861 |b MIS |2 21 |
| 245 | 1 | 0 | |a Antología |
| 300 | |a 147 p | ||
| 942 | |c BK | ||
| 945 | |d 20000324 00:00:00 |a rbrito | ||
| 260 | |a Santiago |b Zig-Zag |c 1957 | ||
| 650 | 0 | |a Poesías chilenas |9 265280 | |
| 583 | |a last modification |c 20120307 01:44:24 |k Rodrigo Vera | ||
| 490 | 0 | |a Biblioteca Cultura | |
| 999 | |c 286054 |d 286052 | ||
| 952 | |0 0 |1 0 |4 0 |6 CH_861_000000000000000_MIS_1957 |7 0 |8 A |9 331317 |a BIBEDU |b BIBEDU |c ES_NOD |d 2019-11-20 |i 3596915 |o Ch861 MIS 1957 |p 3596915 |r 2023-08-09 |w 2019-11-20 |y BK |k LIT | ||
| 952 | |0 0 |1 0 |4 0 |6 CH_861_000000000000000_MIS_1957 |7 0 |8 A |9 331318 |a BIBEDU |b BIBEDU |c ES_NOD |d 2019-11-20 |i 4838009 |l 1 |m 1 |o Ch861 MIS 1957 |p 4838009 |r 2023-08-09 |s 2023-03-03 |w 2019-11-20 |y BK |k BME | ||